| 000 | 00962cab a22002415a 4500 | ||
|---|---|---|---|
| 001 | L154088 | ||
| 008 | 111012e20111008xxk 000 0 eng d | ||
| 035 | _a(Sirsi) u154088 | ||
| 041 | 0 | _aeng | |
| 100 | 1 | _aChalkley, Clive | |
| 245 | 0 | 0 | _aGreen light for AGAS |
| 260 | _c2011 | ||
| 490 |
_aEstates Gazette _v(1140) 8 October 2011, 94-97(4) |
||
| 520 | _aDiscusses Authorised Guarantee Agreements (AGAs) in the light of "K/S Victoria Street v House of Fraser (Stores Management) Ltd" ([2011] EWCA Div 904). | ||
| 590 | _aKA | ||
| 650 | 2 | 4 | _aK/S VICTORIA STREET V HOUSE OF FRASER (STORES MANAGEMENT) LTD |
| 650 | 2 | 4 | _aGOOD HARVEST PARTNERSHIP LLP V CENTAUR SERVICES LTD |
| 650 | 2 | 4 | _aLANDLORD AND TENANT (COVENANTS) ACT 1995 |
| 651 | 4 |
_aUnited Kingdom _y |
|
| 690 | _aPROPERTY-COMMERCIAL PROPERTY-LEASEHOLD COMMERCIAL PROPERTY-COMMERCIAL LANDLORD AND TENANT-COMMERCIAL LEASES-ASSIGNMENT OF COMMERCIAL LEASES | ||
| 700 | 1 | _aHighmore, Sue | |
| 942 | _n0 | ||
| 999 |
_c83491 _d83491 |
||